00663cam a22002171i 4500001001300000003000400013005001700017008004100034010001700075035001900092040001800111042001200129050001700141100002200158245004700180260012700227300002000354500001900374650003500393999001700428sa 68019101 DLC20260227112716.0830524s1967 io f000 0 ind  asa 68019101  a(OCoLC)9539956 aDLCcOAUdDLC apremarc00aTH113.I7bY31 aYap, K. H. Felix.10aBuilding research /coleh K. H. Felix Yap. a[Bandung] :bDepartemen Pekerdjaan Umum, Direktorat Djenderal Tjipta Karja, Lembaga Penjelidikan Masalah Bangunan,c[1967] a11 l. ;c30 cm. aIn Indonesian. 0aBuildingxResearchzIndonesia. c88819d88819